Alle Städte Sachsens - Statistiken

Allgemein
  • Dieses Quiz wurde 741 mal gespielt
  • Das Durchschnittsergebnis liegt bei 56 aus 169
Antwortstatistiken
Einwohnerzahl Stadt Landkreis % Korrekt
556.780 Dresden kreisfreie Stadt
100%
593.145 Leipzig kreisfreie Stadt
99%
246.334 Chemnitz kreisfreie Stadt
98%
55.980 Görlitz Görlitz
97%
88.690 Zwickau Zwickau
97%
38.425 Bautzen Bautzen
96%
28.282 Meißen Meißen
92%
64.597 Plauen Vogtlandkreis
91%
20.353 Aue-Bad Schlema Erzgebirgskreis
82%
40.657 Freiberg Mittelsachsen
82%
38.422 Pirna Sächsische Schweiz-Osterzgebirge
78%
32.405 Hoyerswerda Bautzen
76%
29.754 Riesa Meißen
74%
25.086 Zittau Görlitz
74%
39.703 Freital Sächsische Schweiz-Osterzgebirge
72%
33.894 Radebeul Meißen
68%
19.883 Torgau Nordsachsen
68%
19.619 Annaberg-Buchholz Erzgebirgskreis
67%
28.173 Grimma Leipzig
61%
18.565 Radeberg Bautzen
61%
7.317 Radeburg Meißen
61%
23.583 Döbeln Mittelsachsen
59%
24.748 Markkleeberg Leipzig
58%
14.098 Oschatz Nordsachsen
58%
24.823 Delitzsch Nordsachsen
57%
3.604 Bad Schandau Sächsische Schweiz-Osterzgebirge
55%
22.233 Glauchau Zwickau
54%
16.914 Kamenz Bautzen
53%
19.118 Borna Leipzig
52%
20.739 Coswig Meißen
52%
14.475 Mittweida Mittelsachsen
52%
18.312 Schkeuditz Nordsachsen
52%
15.886 Weißwasser/Oberlausitz Görlitz
51%
18.350 Crimmitschau Zwickau
49%
16.540 Heidenau Sächsische Schweiz-Osterzgebirge
49%
14.001 Meerane Zwickau
49%
10.513 Nossen Meißen
48%
15.557 Eilenburg Nordsachsen
47%
23.895 Limbach-Oberfrohna Zwickau
47%
16.209 Wurzen Leipzig
47%
14.456 Löbau Görlitz
46%
9.343 Niesky Görlitz
46%
18.199 Großenhain Meißen
45%
7.934 Altenberg Sächsische Schweiz-Osterzgebirge
44%
10.938 Bischofswerda Bautzen
44%
14.310 Dippoldiswalde Sächsische Schweiz-Osterzgebirge
44%
16.447 Schwarzenberg/Erzgebirge Erzgebirgskreis
43%
18.237 Auerbach/Vogtland Vogtlandkreis
42%
20.623 Werdau Zwickau
42%
10.696 Flöha Mittelsachsen
41%
14.527 Hohenstein-Ernstthal Zwickau
41%
16.906 Marienberg Erzgebirgskreis
40%
12.097 Neustadt in Sachsen Sächsische Schweiz-Osterzgebirge
40%
15.745 Taucha Nordsachsen
40%
9.170 Zschopau Erzgebirgskreis
40%
15.781 Markranstädt Leipzig
39%
9.461 Sebnitz Sächsische Schweiz-Osterzgebirge
39%
11.300 Stollberg/Erzgebirge Erzgebirgskreis
39%
3.897 Johanngeorgenstadt Erzgebirgskreis
37%
13.873 Schneeberg Erzgebirgskreis
37%
5.710 Rochlitz Mittelsachsen
35%
9.337 Brand-Erbisdorf Mittelsachsen
34%
2.078 Oberwiesenthal Erzgebirgskreis
34%
6.858 Geithain Leipzig
33%
8.184 Klingenthal Vogtlandkreis
33%
2.087 Königstein (Sächsische Schweiz) Sächsische Schweiz-Osterzgebirge
33%
7.984 Bad Lausick Leipzig
32%
13.940 Frankenberg/Sachsen Mittelsachsen
32%
6.689 Glashütte Sächsische Schweiz-Osterzgebirge
32%
5.439 Tharandt Sächsische Schweiz-Osterzgebirge
32%
7.830 Bad Düben Nordsachsen
31%
8.558 Hainichen Mittelsachsen
31%
20.487 Reichenbach im Vogtland Vogtlandkreis
31%
14.237 Wilsdruff Sächsische Schweiz-Osterzgebirge
30%
3.686 Bad Muskau Görlitz
29%
11.853 Ebersbach-Neugersdorf Görlitz
29%
7.468 Pulsnitz Bautzen
29%
8.243 Leisnig Mittelsachsen
28%
11.927 Zwönitz Erzgebirgskreis
28%
4.512 Augustusburg Mittelsachsen
27%
10.643 Burgstädt Mittelsachsen
27%
8.422 Colditz Leipzig
27%
10.840 Olbernhau Erzgebirgskreis
27%
9.280 Zwenkau Leipzig
27%
11.177 Lichtenstein/Sachsen Zwickau
26%
3.675 Bad Elster Vogtlandkreis
25%
4.848 Lommatzsch Meißen
25%
8.715 Penig Mittelsachsen
25%
9.624 Brandis Leipzig
24%
7.934 Oederan Mittelsachsen
24%
7.502 Roßwein Mittelsachsen
24%
8.951 Waldheim Mittelsachsen
24%
12.443 Frohburg Leipzig
23%
5.872 Mügeln Nordsachsen
23%
1.571 Stadt Wehlen Sächsische Schweiz-Osterzgebirge
23%
5.837 Herrnhut Görlitz
22%
4.539 Königsbrück Bautzen
22%
8.201 Lößnitz Erzgebirgskreis
22%
10.143 Oelsnitz/Vogtland Vogtlandkreis
22%
5.624 Bad Gottleuba-Berggießhübel Sächsische Schweiz-Osterzgebirge
21%
6.651 Böhlen Leipzig
21%
6.183 Dohna Sächsische Schweiz-Osterzgebirge
21%
6.949 Hartha Mittelsachsen
21%
10.951 Oelsnitz/Erzgebirge Erzgebirgskreis
21%
4.844 Adorf/Vogtland Vogtlandkreis
20%
7.261 Eibenstock Erzgebirgskreis
20%
8.774 Naunhof Leipzig
20%
4.245 Dahlen Nordsachsen
19%
6.325 Pegau Leipzig
19%
4.458 Rothenburg/Oberlausitz Görlitz
19%
5.579 Stolpen Sächsische Schweiz-Osterzgebirge
19%
7.947 Falkenstein/Vogtland Vogtlandkreis
18%
6.978 Gröditz Meißen
18%
1.270 Liebstadt Sächsische Schweiz-Osterzgebirge
18%
7.539 Pockau-Lengefeld Erzgebirgskreis
18%
5.952 Thalheim/Erzgebirge Erzgebirgskreis
18%
7.784 Treuen Vogtlandkreis
18%
4.881 Wilthen Bautzen
18%
9.615 Großröhrsdorf Bautzen
17%
4.540 Hartenstein Zwickau
17%
5.000 Kitzscher Leipzig
17%
8.363 Lauta Bautzen
17%
4.147 Lunzenau Mittelsachsen
17%
3.300 Neusalza-Spremberg Görlitz
17%
3.660 Seifhennersdorf Görlitz
17%
9.656 Wilkau-Haßlau Zwickau
17%
7.719 Belgern-Schildau Nordsachsen
16%
4.680 Ehrenfriedersdorf Erzgebirgskreis
16%
3.403 Geyer Erzgebirgskreis
16%
3.897 Regis-Breitingen Leipzig
16%
3.721 Strehla Meißen
16%
3.096 Weißenberg Bautzen
16%
6.422 Bernsdorf Bautzen
15%
2.772 Frauenstein Mittelsachsen
15%
2.241 Ostritz Görlitz
15%
3.817 Trebsen/Mulde Leipzig
15%
3.282 Hohnstein Sächsische Schweiz-Osterzgebirge
14%
2.620 Jöhstadt Erzgebirgskreis
14%
7.124 Lengenfeld Vogtlandkreis
14%
7.470 Markneukirchen Vogtlandkreis
14%
5.864 Oberlungwitz Zwickau
14%
1.750 Sayda Mittelsachsen
14%
5.118 Thum Erzgebirgskreis
14%
2.723 Elstra Bautzen
13%
7.586 Groitzsch Leipzig
13%
8.179 Kirchberg Zwickau
13%
8.005 Lugau Erzgebirgskreis
13%
4.420 Rabenau Sächsische Schweiz-Osterzgebirge
13%
4.915 Reichenbach/Oberlausitz Görlitz
13%
4.058 Waldenburg Zwickau
13%
5.729 Wittichenau Bautzen
13%
3.899 Wolkenstein Erzgebirgskreis
13%
3.354 Bernstadt auf dem Eigen Görlitz
12%
3.925 Elsterberg Vogtlandkreis
12%
5.596 Großschirma Mittelsachsen
12%
6.373 Rodewisch Vogtlandkreis
12%
3.142 Schöneck/Vogtland Vogtlandkreis
12%
8.628 Lauter-Bernsbach Erzgebirgskreis
11%
4.919 Pausa-Mühltroff Vogtlandkreis
11%
6.128 Rötha Leipzig
11%
2.458 Dommitzsch Nordsachsen
10%
2.849 Elterlein Erzgebirgskreis
10%
4.183 Geringswalde Mittelsachsen
10%
5.851 Grünhain-Beierfeld Erzgebirgskreis
10%
3.854 Netzschkau Vogtlandkreis
10%
6.185 Schirgiswalde-Kirschau Bautzen
10%
2.368 Schlettau Erzgebirgskreis
10%
2.083 Scheibenberg Erzgebirgskreis
8%
3.552 Wildenfels Zwickau
7%
Keine übereinstimmenden Quizze gefunden
Verteilung der Resultate
Anzahl Personen mit jedem Resultat
Perzentil nach korrekt beantworteten Fragen
Ihre Resultats-Entwicklung
Sie haben dieses Quiz noch nicht gespielt